[Event "Game Explorer Tournament - Traxler with Bxf7+"]
[Site "SchemingMind.com"]
[Date "2007.01.31"]
[Round "-"]
[White "Mariazb"]
[Black "demiurg"]
[Result "1-0"]
[WhiteCountry "ARG"]
[BlackCountry "HUN"]
[WhiteElo "2361"]
[WhiteRD "72"]
[BlackElo "2360"]
[BlackRD "67"]
[GameID "89713"]

1. e4 e5 2. Nf3 Nc6 3. Bc4 Nf6 4. Ng5 Bc5 5. Bxf7+ Ke7 6. Bd5 Rf8 7. O-O d6 8. h3 Qe8 9. c3 Qg6 10. d4 Bb6
11. a4 a5 12. Na3 h6 13. Nf3 Kd8 14. Nc4 Ba7 15. Bxc6 bxc6 16. Nxa5 Bxh3 17. Nxc6+ Ke8 18. Ne1 Be6 19. Nxa7 Rxa7 20. f3 Nh5
21. dxe5 Ng3 22. Nd3 Nxf1 23. Qxf1 Bc4 24. b3 Bxd3 25. Qxd3 dxe5 26. Be3 Ra6 27. Bc5 Rff6 28. Rd1 Kf7 29. Qc4+ Rfe6 30. Rd7+ Kg8
31. b4
1-0

[Event "Game Explorer Tournament - Traxler with Bxf7+"]
[Site "SchemingMind.com"]
[Date "2007.02.01"]
[Round "-"]
[White "Mariazb"]
[Black "Adunatos"]
[Result "1/2-1/2"]
[WhiteCountry "ARG"]
[BlackCountry "NED"]
[WhiteElo "2348"]
[WhiteRD "67"]
[BlackElo "2263"]
[BlackRD "62"]
[GameID "89714"]

1. e4 e5 2. Nf3 Nc6 3. Bc4 Nf6 4. Ng5 Bc5 5. Bxf7+ Ke7 6. Bb3 Rf8 7. O-O d6 8. Nc3 Nd4 9. Nd5+ Nxd5 10. exd5 Rf5
11. d3 Kf8 12. Ne4 Qh4 13. Ng3 Rf6 14. c3 Bg4 15. Qe1 Nf3+ 16. gxf3 Bxf3 17. Bd1 Bxd5 18. c4 Bc6 19. Be3 Rg6 20. Bxc5 Rh6
21. Bh5 Rxh5 22. Nxh5 Qg4+ 23. Ng3 Qf3 24. Ne4 Qg4+=
1/2-1/2

[Event "Game Explorer Tournament - Traxler with Bxf7+"]
[Site "SchemingMind.com"]
[Date "2007.02.03"]
[Round "-"]
[White "fjpv"]
[Black "Mariazb"]
[Result "1/2-1/2"]
[WhiteCountry "POR"]
[BlackCountry "ARG"]
[WhiteElo "2227"]
[WhiteRD "86"]
[BlackElo "2325"]
[BlackRD "72"]
[GameID "89715"]

1. e4 e5 2. Nf3 Nc6 3. Bc4 Nf6 4. Ng5 Bc5 5. Bxf7+ Ke7 6. Bd5 Rf8 7. O-O d6 8. c3 Bg4 9. Qb3 h6 10. Qxb7 Na5
11. Qxa8 Qd7 12. b4 Rxa8 13. Bxa8 hxg5 14. bxc5 Qe8 15. Bd5 Nxd5 16. exd5 Be2 17. Re1 Bd3 18. cxd6+ cxd6 19. Na3 Qf7 20. h3 Qxd5
21. Re3 Kf6 22. Bb2 Qb7 23. Rxd3 Qxb2 24. Rxd6+ Ke7 25. Rb1 Qxa3 26. Ra6 Qc5 27. Rb8 Qc7 28. Rb4 Nc4 29. Rba4 Qc5 30. Rxa7+ Kf8
31. R4a6 Qb5 32. Kh2 e4 33. a4 Qd5 34. Ra8+ Kf7 35. R8a7+ Kg8 36. Rg6 Qxd2 37. Rgxg7+ Kf8=
1/2-1/2

[Event "Game Explorer Tournament - Traxler with Bxf7+"]
[Site "SchemingMind.com"]
[Date "2007.01.31"]
[Round "-"]
[White "riverriver"]
[Black "Mariazb"]
[Result "0-1"]
[WhiteCountry "USA"]
[BlackCountry "ARG"]
[WhiteElo "1991"]
[WhiteRD "78"]
[BlackElo "2267"]
[BlackRD "65"]
[GameID "89716"]

1. e4 e5 2. Nf3 Nc6 3. Bc4 Nf6 4. Ng5 Bc5 5. Bxf7+ Ke7 6. Bb3 Rf8 7. O-O d6 8. Nc3 Qe8 9. Nd5+ Kd8 10. c3 h6
11. d4 exd4 12. Nxf6 Rxf6 13. e5 Rf8 14. e6 hxg5 15. Bxg5+ Rf6 16. Rc1 Qg6 17. Bxf6+ Qxf6 18. Qh5 d3 19. Qh8+ Ke7 20. Bd5 Bxe6
21. Qxa8 Bxd5 22. Qxb7 Qg6 23. g3 d2 24. Qxc7+ Kf6 25. c4 dxc1=R 26. Rxc1 Qf5 27. Rf1 Bf3
0-1

[Event "Game Explorer Tournament - Traxler with Bxf7+"]
[Site "SchemingMind.com"]
[Date "2007.02.01"]
[Round "-"]
[White "Aumonde"]
[Black "Mariazb"]
[Result "0-1"]
[WhiteCountry "USA"]
[BlackCountry "ARG"]
[WhiteElo "2258"]
[WhiteRD "56"]
[BlackElo "2327"]
[BlackRD "69"]
[GameID "89717"]

1. e4 e5 2. Nf3 Nc6 3. Bc4 Nf6 4. Ng5 Bc5 5. Bxf7+ Ke7 6. Bd5 Rf8 7. O-O d6 8. Bxc6 bxc6 9. d3 Qe8 10. Be3 Bxe3
11. fxe3 Qg6 12. Nf3 Kf7 13. c4 Kg8 14. Nc3 Bh3 15. Qe2 Rf7 16. Kh1 Bg4 17. b4 Raf8 18. Rf2 Qh6 19. Kg1 Bxf3 20. Rxf3 Ng4
21. Rh3 Qg5 22. Nd1 Qf6 23. Rf3 Qh6 24. Rh3 Qg6 25. Rg3 h5 26. b5 Rf1+ 27. Qxf1 Rxf1+ 28. Kxf1 Nxh2+ 29. Kf2 Ng4+ 30. Kg1 cxb5
31. cxb5 Qe8 32. Nc3 Qb8 33. a4 c6 34. Rf3 Qb6 35. Rc1 cxb5 36. Nd5 Qa5 37. axb5= Qxb5 38. Rd1 Kh7 39. Rf5 Kh6 40. Rf8 g6
41. Rf3 Qb2 42. Nf6 Qe2 43. Ra1 Nxe3 44. Rf2 Qxd3 45. Kh2 Ng4+ 46. Nxg4+ hxg4 47. g3 Qxe4 48. Rxa7 d5
0-1

[Event "Game Explorer Tournament - Traxler with Bxf7+"]
[Site "SchemingMind.com"]
[Date "2007.01.31"]
[Round "-"]
[White "demiurg"]
[Black "Mariazb"]
[Result "0-1"]
[WhiteCountry "HUN"]
[BlackCountry "ARG"]
[WhiteElo "2297"]
[WhiteRD "65"]
[BlackElo "2349"]
[BlackRD "71"]
[GameID "89718"]

1. e4 e5 2. Nf3 Nc6 3. Bc4 Nf6 4. Ng5 Bc5 5. Bxf7+ Ke7 6. Bb3 Rf8 7. O-O h6 8. Nf3 d6 9. d3 Bg4 10. Be3 Bd4
11. c3 Bxe3 12. fxe3 Kd7 13. Nbd2 Kc8 14. h3 Bxf3 15. Nxf3 g5 16. Nd2 Qe7 17. Rf5 Qg7 18. Qe2 Ne7 19. Rf3 c6 20. Be6+ Kc7
21. Raf1 Rae8 22. Qf2 Nd7 23. Bxd7 Rxf3 24. Qxf3 Kxd7 25. Qf7 Qxf7 26. Rxf7 Rh8 27. Rf6 Nc8 28. d4 exd4 29. exd4 Ke7 30. Rf5 Ke6
31. Rf2 Nb6 32. g4 Rh7 33. Kg2 Rf7 34. Rxf7 Kxf7 35. b3 d5 36. Kf3 Nc8 37. c4 Ke6 38. exd5+ cxd5 39. Nf1 dxc4 40. bxc4 Nd6
41. Ne3 b6
0-1

[Event "Game Explorer Tournament - Traxler with Bxf7+"]
[Site "SchemingMind.com"]
[Date "2007.01.31"]
[Round "-"]
[White "Adunatos"]
[Black "Mariazb"]
[Result "1/2-1/2"]
[WhiteCountry "NED"]
[BlackCountry "ARG"]
[WhiteElo "2317"]
[WhiteRD "63"]
[BlackElo "2361"]
[BlackRD "72"]
[GameID "89719"]

1. e4 e5 2. Nf3 Nc6 3. Bc4 Nf6 4. Ng5 Bc5 5. Bxf7+ Ke7 6. Bd5 Rf8 7. O-O d6 8. c3 Bg4 9. Qb3 Qc8 10. d4 exd4
11. Bxc6 bxc6 12. e5 dxe5 13. Qc4 Bb6 14. b3 Ne8 15. Ba3+ Nd6 16. Nd2 Qf5 17. Nge4 Kd7 18. Qd3 Qg6 19. cxd4 Bxd4 20. Rae1 Rf4
21. Nc5+ Bxc5 22. Qxg6 Bxf2+ 23. Rxf2 hxg6 24. Rxe5 Rxf2 25. Kxf2 Rf8+ 26. Kg3=
1/2-1/2